000 01146nam a2200265 a 4500
003 DO-SdBNP
005 20220826113100.0
007 ta
008 220826e2001 dr ac||grr||| 001 0 spa d
040 _aDO-SdBNP
_bspa
_cBNPHU
082 4 _222
_bD598p
245 0 0 _aDirectorio profesional adavit 2001. /
_cConceptualización y diseño, Jonny Plácido Pujols; Invetigación y documentación, Luis Felipe Aquino.
246 0 4 _aDirectorio profesional adavit:
_bhistoria y documentación del inicio y desarrollo de la industria dominicana de viaje y turismo.
260 _aSanto Domingo :
_bADAVIT,
_c2001
300 _a85, [5] p. :
_bil., retr.
_c22 cm.
504 _aBibliografía: p. 85
590 _aInventariado 2022 / MF
600 4 _aAsociación de Agencias de Viajes y Turismo (ADAVIT)
_tDirectorio
_zRepública Dominicana
_982262
650 4 _955636
_aIndustria Dominicana de Viajes y Turismo
_xDirectorio
700 1 _aPácido Pujosls, Jonny
_982263
700 1 _aAquino, Luis Felipe,
_ecomp.
_982264
710 2 _955772
_aAsociación de Agencias de Viajes y Turismo de la República Dominicana
_eed.
910 _aMFeliz
942 _2ddc
_cLBS1
999 _c52330
_d52330